LEADER 02953nam0 2200517 i 450 001 BVEE013584 005 20170908093158.0 012 $ai-n- O?s, uds. asbi (3) 1587 (R)$2fei 100 $a20130605d1587 ||||0itac50 ba 101 | $alat 102 $anl 181 1$6z01$ai $bxxxe 182 1$6z01$an 200 1 $a˜Iani Dousae Nordouicis œCenturionatus, siue Plautinarum explanationum libri 4. In quibus praeter Plautum, multa veterum scriptorum loca, poetarum inprimis, variè corriguntur, illustrantur, explicantur 210 $aLugduni Batauorum$cex Officina Plantiniana apud Franciscum Raphelengium$d1587 215 $a\32!, 560 p.$d16º 300 $aMarca dell'Officina Plantiniana (D19804) sul front 300 $aCors. ; got. ; gr. ; rom 300 $aSegn.: \ast!⁸2\ast!⁸A-Z⁸a-m⁸ 300 $aIniziale xil. 314 $aTip.$9BVEV017248 314 $aEd.$9BVEV018026 316 $a1 v. (Sul front. timbro RB)$5IT-NA0079, SALA FARN.58. A 49 517 1 $aPlautinarum explanationum libri 4.$9BVEE013651 620 $dLeida$3BVEL001748 700 1$aDoes$b, Johan : van der$f <1545-1604>$3SBLV223740$4070$0204539 712 02$aRaphelengius, Franciscus$d <1.>$3BVEV017248$4650 712 02$aOfficina Plantiniana$c $3BVEV018026$4650 790 1$aDousa$b, Ianus$3BVEV039430$zDoes, Johan : van der <1545-1604> 791 02$aRaphelingen, Frans <1.> van$3BVEV077852$zRaphelengius, Franciscus <1.> 791 02$aRavelinghien, Frans <1.> van$3BVEV077853$zRaphelengius, Franciscus <1.> 791 02$aRaphelengien, François$d <1.>$3BVEV077854$zRaphelengius, Franciscus <1.> 791 02$aRavelenghien, Frans <1.> van$3BVEV077855$zRaphelengius, Franciscus <1.> 791 02$aRaphelengen, Frans <1.> van$3BVEV077858$zRaphelengius, Franciscus <1.> 791 02$aRapheleng, Franz$d <1.>$3PUVV307444$zRaphelengius, Franciscus <1.> 791 02$aPlantiinsche Druckeriie$c $3BVEV098550$zOfficina Plantiniana 791 02$aImprimerie plantinienne$c $3SBNV005219$zOfficina Plantiniana 791 02$aTypographia Plantiniana$c $3UBOV397367$zOfficina Plantiniana 801 3$aIT$bIT-NA0079$c20130605 850 $aIT-NA0079 912 $aBVEE013584 921 $aBVEM001178$bIn cornice figurata: da una nuvola esce una mano che traccia un cerchio con un compasso. Motto: Labore et constantia.$cD19804$dSul front. 950 0$aBiblioteca Nazionale Vittorio Emanuele III$c1 v.$d BNSALA FARN.58. A 49$e BNA010014756145 B 1 v. (Sul front. timbro RB)$fC $h20130605$i20130605$lSul front. timbro RB$mTimbri storici della biblioteca proprietaria 977 $a BN 996 $aCenturionatus, siue Plautinarum explanationum libri 4. In quibus praeter Plautum, multa veterum scriptorum loca, poetarum inprimis, variè corriguntur, illustrantur, explicantur$91479554 997 $aUNISANNIO